00000000nas 2200000zi 4500
0019.950011
003CaOODSP
00520250410152147
006m     o  d f      
007cr cn ||||||||
008250410d20032003oncar p o    f0    0eng|d
022 |y1484-8503
040 |aCaOODSP|beng|erda|cCaOODSP
0410 |aeng|afre
043 |an-cn---
0861 |aNR1-1-PDF
1102 |aNational Research Council Canada.|eauthor, |eissuing body.
24510|aNational Research Council Canada review : |bannual report highlights.
24615|aConseil national de recherches Canada, tour d'horizon : |brapport annuel, points saillants
264 1|a[Ottawa] : |bNational Research Council of Canada = Conseil national de recherches Canada, |c[2003]
310 |aAnnual
336 |atext|btxt|2rdacontent
337 |acomputer|bc|2rdamedia
338 |aonline resource|bcr|2rdacarrier
3621 |aBegan and ceased with: 2002/2003.
546 |aText in English and French.
588 |aDescription based on: 2002/2003; title from PDF cover page.
588 |aLatest issue consulted: 2002/2003.
61020|aNational Research Council Canada|vPeriodicals.
650 0|aResearch|zCanada|vPeriodicals.
650 0|aResearch, Industrial|zCanada|vPeriodicals.
655 7|aPeriodicals|2lcgft
78000|tAnnual report / |w(CaOODSP)9.949977
78500|tAnnual report / |w(CaOODSP)9.507064
788 |tNational Research Council Canada review : |efre|w(CaOODSP)9.950010